[Event "Avoine op 09th"]
[Site "Avoine"]
[Date "1994.??.??"]
[Round "?"]
[White "Belenfant, Eric"]
[Black "Brault, Jean"]
[Result "1-0"]
[WhiteElo "1820"]
[BlackElo "2160"]
[PlyCount "78"]
[EventDate "1994.07.??"]
[EventType "swiss"]
[EventRounds "9"]
[EventCountry "FRA"]
[SourceTitle "EXT 2004"]
[Source "ChessBase"]
[SourceDate "2003.11.25"]
[SourceVersion "1"]
[SourceVersionDate "2003.11.25"]
[SourceQuality "1"]

1. Nc3 g6 2. e4 Bg7 3. f4 c6 4. Nf3 d5 5. e5 h5 6. d4 Nh6 7. Be2 Bf5 8. 0-0 e6 9. h3 Bf8 10. Ng5 h4 11. Be3 Be7 12. Qd2 a6 13. a3 c5 14. dxc5 Nc6 15. Nf3 Be4 16. b4 Nf5 17. Bf2 Bxf3 18. Bxf3 g5 19. b5 axb5 20. Nxb5 gxf4 21. Nd6+ Bxd6 22. exd6 Qg5 23. Rfe1 Kd7 24. Rab1 Rhb8 25. c4 dxc4 26. Bxc6+ bxc6 27. Rxb8 Rxb8 28. Qa5 Qd8 29. Qa7+ Ke8 30. d7+ Ke7 31. Rd1 c3 32. Qa4 Qc7 33. Be1 Rd8 34. Bxc3 Rxd7 35. Rxd7+ Kxd7 36. Qe4 Ke7 37. Be5 Qd7 38. Qxf4 Qd1+ 39. Kh2 Qd3 1-0